000 00489nab a2200157Ia 4500
003 ES-SlBCS
005 20210601130340.0
008 140529s2010 xxu||||| |||| 00| 0 fre d
041 _afre
100 1 _aBogdanor, Vernon
_9171937
245 0 0 _aMais qui donc a gagné les élections britanniques?
_c Vernon Bogdanor, Alexis Tadié
650 0 4 _aElecciones Británicas
_9171938
700 1 _aTadié, Alexis
_9170999
773 0 _tEsprit
_gnº. 365, 2010, págs. 62-73
_wRev1438
942 _cAR
999 _c545177
_d545177